000 00726cab a2200265 4500
001 WB3046-26
008 090401t1994 xxu||||| |||| 00| 0 eng d
035 _a(Sirsi) u23510
041 _aeng
245 _aJapanese property prices rocketing economy
260 _c1994
350 _a0
490 _aFinancial Times
_v9 December 1994, 4(1)
520 _aThe OECD blames Japanese land and property prices for the country`s economic problems.
650 _aDEREGULATION
650 _aECONOMY
650 _aJAPAN
650 _aLAND PRICES
650 _aOECD
650 _aPROPERTY MARKET
690 _aPROPERTY-COMMERCIAL PROPERTY
690 _aOVERSEAS-REST OF THE WORLD
942 _n0
948 _c04/03/1997
999 _c15712
_d15712